1409 1136 1917 1193 1453 1254 1014 1066 1865 1945 1921 1644 1991 1412 1667 1625 1170 1039 1861 1420 1484 1426 1736 1402 1454 1239 1545 1499 1629 1295 1764 1371 1682 1020 1643 1857 1114 1624 1777 1451 1372 1607 1574 1452 1016 1499 1669 1715 1279 1894 1175 1048 1033 1140 1699 1041 1281 1989 1753 1059 1189 1550 1427 1208 2000 1629 1853 1465 1350 1696 1196 1120 1385 1334 1550 1908 1951 1597 1722 1084 1908 1896 1390 1646 1967 1790 1079 1641 1019 1603 1368 1309 1969 1697 1712 1411 1494 1380 1668 BCNSPRNW ULIB Ver.6.0+V

เปลี่ยนเป็นภาษาไทย

Change to English
 แสดงรายละเอียดบรรณานุกรม
  กลับหน้าหลัก

Brief Record : Get Marc (ISO 2709) : E-mail record : QR code < ปิดหน้าต่าง
LEADER : 00000nam 2200000uu 4500
001    13399122784
003     ULIB
008    130923s2555||||th 000 0 tha d
020    ^a9786167283876
060    ^aWM172^bถ264ท
100    ^aถวัลกร ฉัตราธรรม.
245    ^aเทคนิคสร้างอารมณ์ดีด้วยวิธีง่าย ๆ คิดดี ทำดี ชีวีมีสุข /^cถวัลกร ฉัตราธรรม.
250    ^aพิมพ์ครั้งที่ 1
260    ^aกรุงเทพฯ :^bแพรธรรม,^c2555
300    ^a176 หน้า
650    ^aสร้างอารมณ์ดี
650    ^aความเครียด
650    ^aการจัดการความเครียด
945    ^p130^l0^i034009
945    ^p130^l0^i034010
999    ^aเกษร โพธิ์สุวรรณ
รายการนี้ยังไม่มีแท็ก
คุณยังไม่ได้ล็อกอิน คุณสามารถมีกิจกรรมร่วมกับเว็บไซต์ได้ แต่ต้องล็อกอินก่อน ::
  ล็อกอิน

รายการสื่อสารสนเทศ

ลำดับที่ ประเภท เลขเรียก/บาร์โค้ด สถานที่ สถานะ
1. วิทยาศาสตร์การแพทย์ และสุขภาพ
หนังสือสำรอง
สถานะ=หนังสือสำรอง
WM172 ถ264ท ฉ.1 
  Barcode: 034009
ห้องสมุดวิทยาเขตสวรรค์ประชารักษ์
►ส่วนจัดเก็บหนังสือเก่า สปร
บนชั้น
  ขอยืม
2. วิทยาศาสตร์การแพทย์ และสุขภาพ
วิทยาศาสตร์การแพทย์ และสุขภาพ
WM172 ถ264ท ฉ.2 
  Barcode: 034010
ห้องสมุดวิทยาเขตสวรรค์ประชารักษ์
►ส่วนจัดเก็บหนังสือเก่า สปร
บนชั้น
  ขอยืม

รายการใกล้เคียง
    ผู้แต่ง [ถวัลกร ฉัตราธรรม.]

    หัวเรื่อง [สร้างอารมณ์ดี]
    หัวเรื่อง [ความเครียด]
    หัวเรื่อง [การจัดการความเครียด]

BibComment


ยังไม่เคยถูกคอมเมนท์

คอมเมนท์ทรัพยากรรายการนี้
  คอมเมนท์: เทคนิคสร้างอารมณ..


 Copyright 2026. Bcnsprnw @Library